Normal view
MARC view
Entry Geographic Name
001 - CONTROL NUMBER
- control field: 48357
003 - CONTROL NUMBER IDENTIFIER
- control field: ARRUPE
005 - DATE AND TIME OF LATEST TRANSACTION
- control field: 20191016102618.0
008 - FIXED-LENGTH DATA ELEMENTS
- fixed length control field: 191016|| aca||aabn | a|a d
040 ## - CATALOGING SOURCE
- Original cataloging agency: ARRUPE
- Transcribing agency: ARRUPE
151 ## - HEADING--GEOGRAPHIC NAME
- Geographic name: Zimbabwe
- General subdivision: Politics and government
- Chronological subdivision: 1980-
670 ## - SOURCE DATA FOUND
- Source citation: Work cat.: (ARRUPE)0: Rutherford, Blair A. (Blair Allan), 1965- author. 48353, Farm labor struggles in Zimbabwe :, 2017